Drapeaux de Pays avec deux couleurs interverties #2 - Statistiques

Statistiques générales
  • Ce quiz a été pris 18 fois
  • Le résultat moyen est 11 sur 16
Statistiques - réponses
Par images Réponse % Correct
France
94%
Luxembourg
88%
Madagascar
82%
Malaisie
82%
Sainte-Lucie
71%
Trinité-et-Tobago
71%
Costa Rica
65%
Fidji
65%
Îles Marshall
65%
Dominique
59%
Guinée
59%
Sao Tomé-et-Principe
59%
Soudan du Sud
59%
Zimbabwe
59%
Saint-Vincent et les Grenadines
53%
Sierra Leone
53%
Aucun quiz correspondant
Distribution des résultats
% des personnes avec chaque résultat
Percentile par nombre de réponses
Votre historique - résultats
Vous n’avez pas pris ce quiz